[Event "Tenerife-chT Primera"]
[Site "Tenerife"]
[Date "2022.01.29"]
[Round "1.4"]
[White "Lozano Marques, Manuel"]
[Black "Gutierrez Garcia, Ramon"]
[Result "1-0"]
[WhiteElo "1472"]
[BlackElo "1458"]
[PlyCount "83"]
[EventDate "2022.01.29"]
[EventType "team-tourn"]
[EventRounds "14"]
[EventCountry "ESP"]
[SourceTitle "EXT 2024"]
[Source "ChessBase"]
[SourceDate "2023.10.10"]
[SourceVersion "1"]
[SourceVersionDate "2023.10.10"]
[SourceQuality "1"]
[WhiteTeam "Caissa Enroque"]
[BlackTeam "La Victoria 94"]
[WhiteTeamCountry "ESP"]
[BlackTeamCountry "ESP"]

1. c4 c5 2. Nc3 Nc6 3. g3 e6 4. Bg2 g6 5. Nf3 Bg7 6. e3 Nge7 7. 0-0 0-0 8. d4 cxd4 9. Nxd4 a6 10. Nde2 Rb8 11. Rb1 b5 12. c5 Bb7 13. b4 Ne5 14. Bxb7 Rxb7 15. Nd4 d5 16. a4 N5c6 17. axb5 axb5 18. Ncxb5 e5 19. Nxc6 Nxc6 20. Nd6 Rxb4 21. Rxb4 Nxb4 22. Ba3 Qa5 23. Bxb4 Qxb4 24. Qxd5 Qa5 25. e4 Qc3 26. Rd1 h5 27. h4 Bf6 28. Kg2 Be7 29. Rd3 Qb2 30. c6 Bxd6 31. Qxd6 Qc2 32. Qd7 Qc4 33. f3 Qc2+ 34. Rd2 Qc3 35. c7 Kg7 36. Qd8 Qc5 37. Kh3 Qc4 38. Kg2 Qc6 39. Qxf8+ Kxf8 40. Rd8+ Kg7 41. c8Q Qxc8 42. Rxc8 1-0

[Event "Tenerife-chT Segunda"]
[Site "Tenerife"]
[Date "2021.10.02"]
[Round "13.1"]
[White "Gutierrez Garcia, Ramon"]
[Black "Mora Hernandez, Enrique"]
[Result "0-1"]
[WhiteElo "1455"]
[BlackElo "1358"]
[PlyCount "118"]
[EventDate "2021.02.27"]
[EventType "team-tourn"]
[EventRounds "13"]
[EventCountry "ESP"]
[SourceTitle "EXT 2023"]
[Source "ChessBase"]
[SourceDate "2022.10.05"]
[SourceVersion "1"]
[SourceVersionDate "2022.10.05"]
[SourceQuality "1"]
[WhiteTeam "La Victoria 94 II"]
[BlackTeam "Piratas La Orotava"]
[WhiteTeamCountry "ESP"]
[BlackTeamCountry "ESP"]

1. d4 Nf6 2. c4 e6 3. Nc3 Bb4 4. Qb3 Bxc3+ 5. Qxc3 b6 6. Bg5 h6 7. Bh4 g5 8. Bg3 Ne4 9. Qe3 f5 10. Be5 Nf6 11. d5 d6 12. Bxf6 Qxf6 13. Qd2 e5 14. e3 Nd7 15. Ne2 f4 16. Nc3 a6 17. Be2 Nc5 18. b4 Nb7 19. Bh5+ Ke7 20. Ne4 Qf5 21. f3 a5 22. b5 Nc5 23. Nxc5 bxc5 24. e4 Qf6 25. h3 Bd7 26. Qf2 Rhg8 27. a4 Be8 28. Bxe8 Rgxe8 29. 0-0-0 Rh8 30. Rdg1 Qg6 31. g4 fxg3 32. Qxg3 Rhf8 33. h4 Rae8 34. hxg5 hxg5 35. Qg4 Rf4 36. Qg2 g4 37. Rh3 Qf6 38. Rh7+ Kd8 39. fxg4 Qg6 40. Rh2 Qxe4 41. Qxe4 Rxe4 42. Rc2 Rf8 43. g5 Ke7 44. g6 Kf6 45. g7 Rg8 46. Rf2+ Rf4 47. Rxf4+ exf4 48. Kd2 Rxg7 49. Rxg7 Kxg7 50. Kd3 Kf6 51. Ke4 Kg5 52. Kf3 Kf5 53. Ke2 Ke4 54. Kf2 Kd4 55. Kf3 Kxc4 56. Kxf4 Kb4 57. Kf5 c4 58. Ke6 Kc5 59. Kd7 Kb6 0-1

[Event "Tenerife-chT Segunda"]
[Site "Tenerife"]
[Date "2021.03.13"]
[Round "3.2"]
[White "Gutierrez Garcia, Ramon"]
[Black "Exposito Cruz, David"]
[Result "1-0"]
[WhiteElo "1455"]
[BlackElo "1454"]
[PlyCount "69"]
[EventDate "2021.02.27"]
[EventType "team-tourn"]
[EventRounds "13"]
[EventCountry "ESP"]
[SourceTitle "EXT 2023"]
[Source "ChessBase"]
[SourceDate "2022.10.05"]
[SourceVersion "1"]
[SourceVersionDate "2022.10.05"]
[SourceQuality "1"]
[WhiteTeam "La Victoria 94 II"]
[BlackTeam "Ebano Barrio Nuevo III"]
[WhiteTeamCountry "ESP"]
[BlackTeamCountry "ESP"]

1. d4 d5 2. c4 Nf6 3. Nc3 e6 4. cxd5 exd5 5. Nf3 h6 6. Bf4 Bb4 7. a3 Bxc3+ 8. bxc3 0-0 9. h3 c6 10. e3 Ne4 11. Qb3 Nd7 12. Bd3 Ndf6 13. 0-0 Re8 14. Qc2 Re7 15. c4 Bf5 16. c5 Qd7 17. Ne5 Qc8 18. f3 Bxh3 19. gxh3 Qxh3 20. Qg2 Qxg2+ 21. Kxg2 Nd2 22. Rf2 Nb3 23. Rb1 Na5 24. e4 Nh5 25. Bd2 f6 26. Ng4 Rf8 27. Bxa5 Nf4+ 28. Kg3 Nxd3 29. Rd2 dxe4 30. fxe4 f5 31. exf5 Ne1 32. f6 gxf6 33. Nxh6+ Kh7 34. Rh2 Rg7+ 35. Ng4+ 1-0

[Event "Tenerife-chT Segunda 1920"]
[Site "Tenerife"]
[Date "2019.12.21"]
[Round "3.1"]
[White "Gutierrez Garcia, Ramon"]
[Black "Perez Garcia, Jimena"]
[Result "0-1"]
[WhiteElo "1487"]
[BlackElo "1783"]
[PlyCount "68"]
[EventDate "2019.11.30"]
[EventType "team-tourn"]
[EventRounds "14"]
[EventCountry "ESP"]
[SourceTitle "CBM 195 Extra"]
[Source "ChessBase"]
[SourceDate "2020.05.31"]
[SourceVersion "1"]
[SourceVersionDate "2020.05.31"]
[SourceQuality "1"]
[WhiteTeam "La Victoria 94 II"]
[BlackTeam "Ebano Barrio Nuevo III"]
[WhiteTeamCountry "ESP"]
[BlackTeamCountry "ESP"]

1. d4 Nf6 2. c4 g6 3. Nc3 Bg7 4. Nf3 d6 5. e4 0-0 6. Bd3 e5 7. d5 a5 8. Be3 Nbd7 9. h3 Nc5 10. Bc2 Nh5 11. Qd2 f5 12. Bh6 f4 13. Bxg7 Kxg7 14. 0-0-0 a4 15. Rdg1 Bd7 16. Qe2 Qe8 17. g4 Nf6 18. Nd2 b5 19. b4 axb3 20. Nxb3 Na4 21. Nxa4 Rxa4 22. Bd3 Qa8 23. Kb1 bxc4 24. Bxc4 Rb8 25. f3 Rbb4 26. Rc1 Ra3 27. Rc2 Qa7 28. Rb2 Qb6 29. Rc1 Ba4 30. Rc3 Nd7 31. Qd2 Bxb3 32. Rcxb3 Qg1+ 33. Qc1 Qxc1+ 34. Kxc1 Rxc4+ 0-1

[Event "Tenerife-chT Segunda-A 1819"]
[Site "Tenerife"]
[Date "2019.02.23"]
[Round "9.1"]
[White "Delgado Delgado, Jose Miguel"]
[Black "Gutierrez Garcia, Ramon"]
[Result "0-1"]
[WhiteElo "1834"]
[BlackElo "1459"]
[PlyCount "68"]
[EventDate "2018.11.24"]
[EventType "team-tourn"]
[EventRounds "14"]
[EventCountry "ESP"]
[SourceTitle "CBM 189 Extra"]
[Source "ChessBase"]
[SourceDate "2019.06.03"]
[SourceVersion "1"]
[SourceVersionDate "2019.06.03"]
[SourceQuality "1"]
[WhiteTeam "Playa San Juan"]
[BlackTeam "La Victoria 94 II"]
[WhiteTeamCountry "ESP"]
[BlackTeamCountry "ESP"]

1. d4 d5 2. Nf3 Bf5 3. g3 Nf6 4. Bg2 h6 5. 0-0 e6 6. c4 c6 7. c5 Be7 8. Nc3 Nbd7 9. a4 0-0 10. a5 b5 11. Bf4 a6 12. Re1 Re8 13. b4 Ne4 14. Ra3 Bf6 15. Be5 Nxc3 16. Rxc3 Nxe5 17. dxe5 Be7 18. Nd4 Qc7 19. Nxf5 exf5 20. f4 Rad8 21. Qb1 Qc8 22. Rd3 f6 23. exf6 Bxf6 24. Qb3 Kh7 25. Qc2 Re7 26. Bh3 g6 27. Qd1 Rde8 28. Bg2 Re3 29. Rxe3 Rxe3 30. Qd2 Qe6 31. Rd1 Rxe2 32. Qd3 Re1+ 33. Rxe1 Qxe1+ 34. Qf1 Qxb4 0-1

[Event "Tenerife-chT Segunda-A 1819"]
[Site "Tenerife"]
[Date "2019.02.16"]
[Round "8.3"]
[White "Gutierrez Garcia, Ramon"]
[Black "Foldes, Marius"]
[Result "1-0"]
[WhiteElo "1459"]
[BlackElo "1395"]
[PlyCount "35"]
[EventDate "2018.11.24"]
[EventType "team-tourn"]
[EventRounds "14"]
[EventCountry "ESP"]
[SourceTitle "CBM 189 Extra"]
[Source "ChessBase"]
[SourceDate "2019.06.03"]
[SourceVersion "1"]
[SourceVersionDate "2019.06.03"]
[SourceQuality "1"]
[WhiteTeam "La Victoria 94 II"]
[BlackTeam "Laguna Cotolec"]
[WhiteTeamCountry "ESP"]
[BlackTeamCountry "ESP"]

1. d4 d5 2. c4 e6 3. Nf3 Nd7 4. e3 c6 5. Bd3 dxc4 6. Bxc4 b5 7. Bb3 Ngf6 8. 0-0 Ba6 9. Qc2 Rc8 10. Rd1 Qb6 11. Ne5 Bd6 12. Nxd7 Nxd7 13. e4 0-0 14. e5 Be7 15. Qe4 c5 16. Be3 c4 17. Bc2 Bb7 18. Qxh7# 1-0

[Event "Tenerife-chT Segunda-A 1819"]
[Site "Tenerife"]
[Date "2019.01.26"]
[Round "6.4"]
[White "Gutierrez Garcia, Ramon"]
[Black "Ferrer Rodriguez, Daniel"]
[Result "0-1"]
[WhiteElo "1459"]
[BlackElo "1407"]
[PlyCount "59"]
[EventDate "2018.11.24"]
[EventType "team-tourn"]
[EventRounds "14"]
[EventCountry "ESP"]
[SourceTitle "CBM 189 Extra"]
[Source "ChessBase"]
[SourceDate "2019.06.03"]
[SourceVersion "1"]
[SourceVersionDate "2019.06.03"]
[SourceQuality "1"]
[WhiteTeam "La Victoria 94 II"]
[BlackTeam "Ebano Barrio Nuevo II"]
[WhiteTeamCountry "ESP"]
[BlackTeamCountry "ESP"]

1. d4 Nf6 2. c4 g6 3. Nc3 Bg7 4. e4 d6 5. Nf3 0-0 6. Be2 e5 7. dxe5 dxe5 8. Qxd8 Rxd8 9. Nxe5 Nxe4 10. Nxf7 Bxc3+ 11. bxc3 Kxf7 12. 0-0 Nxc3 13. Bf3 Nc6 14. Bf4 Be6 15. Bxc7 Rdc8 16. Bg3 Bxc4 17. Rfc1 Ne2+ 18. Bxe2 Bxe2 19. Rc3 Nd4 20. Rac1 Rc6 21. Be5 Rxc3 22. Rxc3 Nc6 23. Bf4 Rd8 24. f3 Rd3 25. Rc2 Rd1+ 26. Kf2 Bd3 27. Rb2 Rb1 28. Rd2 Bf5 29. Bd6 Be6 30. a3 0-1

[Event "Tenerife-chT Segunda-A 1819"]
[Site "Tenerife"]
[Date "2019.01.19"]
[Round "5.3"]
[White "Gutierrez Garcia, Ramon"]
[Black "Diaz Diaz, Andres Zhao"]
[Result "1-0"]
[WhiteElo "1459"]
[BlackElo "1044"]
[PlyCount "93"]
[EventDate "2018.11.24"]
[EventType "team-tourn"]
[EventRounds "14"]
[EventCountry "ESP"]
[SourceTitle "CBM 189 Extra"]
[Source "ChessBase"]
[SourceDate "2019.06.03"]
[SourceVersion "1"]
[SourceVersionDate "2019.06.03"]
[SourceQuality "1"]
[WhiteTeam "La Victoria 94 II"]
[BlackTeam "El Sauzal Libreria Barco"]
[WhiteTeamCountry "ESP"]
[BlackTeamCountry "ESP"]

1. d4 d5 2. c4 Nf6 3. Nc3 e6 4. Bg5 Be7 5. Nf3 Nc6 6. e3 h6 7. Bh4 a6 8. a3 Bd7 9. Bxf6 Bxf6 10. cxd5 exd5 11. Nxd5 Be6 12. Nxf6+ gxf6 13. Rc1 Qd7 14. Bc4 0-0-0 15. b4 Rhe8 16. Qb3 Bxc4 17. Rxc4 Re7 18. 0-0 Rg8 19. Rfc1 Re6 20. Qc2 Kd8 21. Qf5 Rge8 22. d5 Rd6 23. Qxd7+ Rxd7 24. dxc6 bxc6 25. Rxc6 Ke7 26. Rxc7 Rxc7 27. Rxc7+ Kf8 28. Rc6 Re6 29. Rxe6 fxe6 30. Kf1 Ke7 31. Ke2 Kd6 32. Kd3 Kd5 33. Nd2 h5 34. f4 e5 35. f5 h4 36. Ne4 Kc6 37. Kc4 Kb6 38. Nxf6 Kc6 39. e4 Kd6 40. Ng4 Ke7 41. Kd5 Kf7 42. Nxe5+ Ke7 43. Ng6+ Kd7 44. e5 Kc8 45. Kd6 Kd8 46. f6 Ke8 47. e6 1-0

[Event "Tenerife-chT Segunda-A 1819"]
[Site "Tenerife"]
[Date "2018.12.01"]
[Round "2.2"]
[White "Martinez Martin, Antonio"]
[Black "Gutierrez Garcia, Ramon"]
[Result "0-1"]
[WhiteElo "1379"]
[BlackElo "1459"]
[PlyCount "62"]
[EventDate "2018.11.24"]
[EventType "team-tourn"]
[EventRounds "14"]
[EventCountry "ESP"]
[SourceTitle "CBM 189 Extra"]
[Source "ChessBase"]
[SourceDate "2019.06.03"]
[SourceVersion "1"]
[SourceVersionDate "2019.06.03"]
[SourceQuality "1"]
[WhiteTeam "Playa San Juan"]
[BlackTeam "La Victoria 94 II"]
[WhiteTeamCountry "ESP"]
[BlackTeamCountry "ESP"]

1. e4 c5 2. Nc3 g6 3. f4 Bg7 4. e5 e6 5. Nf3 Ne7 6. b3 a6 7. Ba3 Qa5 8. Na4 b5 9. Bxc5 bxa4 10. b4 Qd8 11. c3 Bb7 12. Qxa4 Nd5 13. b5 axb5 14. Qxb5 Bc6 15. Qc4 Ra4 16. Qb3 Nxf4 17. Bb6 Qc8 18. g3 Nd5 19. Bd4 Ne7 20. Bg2 Nf5 21. 0-0 0-0 22. g4 Nxd4 23. Nxd4 Ra7 24. Bxc6 Nxc6 25. Nxc6 Qxc6 26. d4 Qe4 27. h3 Bh6 28. Rae1 Qd3 29. Rd1 Qxh3 30. Kf2 Qh2+ 31. Ke1 Rxa2 0-1

[Event "Las Palmas Montalvo Memorial 11th"]
[Site "Las Palmas"]
[Date "2018.03.24"]
[Round "1"]
[White "Rodriguez Redondo, Ethan"]
[Black "Gutierrez Garcia, Ramon"]
[Result "1-0"]
[WhiteElo "2021"]
[BlackElo "1477"]
[PlyCount "111"]
[EventDate "2018.03.24"]
[EventType "swiss"]
[EventRounds "9"]
[EventCountry "ESP"]
[SourceTitle "CBM 183 Extra"]
[Source "ChessBase"]
[SourceDate "2018.04.19"]
[SourceVersion "1"]
[SourceVersionDate "2018.04.19"]
[SourceQuality "1"]

1. e4 c5 2. Nf3 Nc6 3. Bb5 Nd4 4. Nxd4 cxd4 5. 0-0 a6 6. Bd3 e5 7. c3 Bc5 8. cxd4 Bxd4 9. Nc3 Ne7 10. Bc2 b5 11. Ne2 Bb6 12. d4 Qc7 13. Be3 Qa7 14. a4 bxa4 15. Qd2 Nc6 16. Rfd1 exd4 17. Nxd4 Ne5 18. Nf5 0-0 19. Bd4 Bxd4 20. Qxd4 Qxd4 21. Rxd4 g6 22. Nd6 Rb8 23. Rb1 a3 24. bxa3 Rxb1+ 25. Bxb1 a5 26. Ba2 Kg7 27. Rd5 Nc6 28. Bc4 Kf6 29. f4 Ke7 30. Kf2 f6 31. g3 Kd8 32. Bb5 Kc7 33. Nxc8 Rxc8 34. Bxc6 dxc6 35. Rxa5 Kb6 36. Ra4 c5 37. Rc4 Rd8 38. Ke3 Rd1 39. Rc3 Kb5 40. e5 fxe5 41. fxe5 Rd4 42. Rd3 Kc4 43. Rxd4+ cxd4+ 44. Kd2 Kd5 45. Kd3 Kxe5 46. h4 h5 47. a4 Kf5 48. a5 Kg4 49. a6 Kxg3 50. a7 Kxh4 51. a8Q Kg3 52. Qh1 h4 53. Qg1+ Kh3 54. Qxg6 Kh2 55. Qg4 h3 56. Kxd4 1-0

[Event "Tenerife-chT Segunda 1718"]
[Site "Tenerife"]
[Date "2018.02.24"]
[Round "10.3"]
[White "Gutierrez Garcia, Ramon"]
[Black "Hernandez Perez, Javier"]
[Result "1/2-1/2"]
[WhiteElo "1467"]
[BlackElo "1579"]
[PlyCount "84"]
[EventDate "2017.11.11"]
[EventType "team-tourn"]
[EventRounds "14"]
[EventCountry "ESP"]
[SourceTitle "EXT 2019"]
[Source "ChessBase"]
[SourceDate "2018.10.10"]
[SourceVersion "1"]
[SourceVersionDate "2018.10.10"]
[SourceQuality "1"]
[WhiteTeam "La Victoria 94 "]
[BlackTeam "Benito"]
[WhiteTeamCountry "ESP"]
[BlackTeamCountry "ESP"]

1. d4 e6 2. c4 d5 3. Nc3 c6 4. Nf3 f5 5. Bf4 Nf6 6. e3 Be7 7. h3 0-0 8. Be2 Ne4 9. c5 b6 10. cxb6 axb6 11. 0-0 Bb7 12. Nxe4 fxe4 13. Nd2 Ba6 14. a3 Bxe2 15. Qxe2 c5 16. Qg4 Qd7 17. Rac1 c4 18. f3 exf3 19. Nxf3 Nc6 20. h4 Bf6 21. h5 Kh8 22. Bg5 Rg8 23. h6 Raf8 24. hxg7+ Qxg7 25. Bxf6 Qxf6 26. Qh3 Qg7 27. Nh4 Nd8 28. Rxf8 Rxf8 29. Nf3 Rg8 30. Rc2 Qg6 31. Rf2 Nf7 32. Ne5 Nxe5 33. dxe5 Qg4 34. Qh6 Qg6 35. Qf4 h6 36. Qf6+ Kh7 37. Qf7+ Rg7 38. Qf6 Qxf6 39. Rxf6 Rg6 40. Rf7+ Rg7 41. Rf6 Rg6 42. Rf7+ Rg7 1/2-1/2

[Event "Santa Cruz de Tenerife Verano op"]
[Site "Santa Cruz de Tenerife"]
[Date "2017.08.02"]
[Round "1"]
[White "Kraus, Oliver"]
[Black "Gutierrez Garcia, Ramon"]
[Result "1-0"]
[WhiteElo "2031"]
[BlackElo "1447"]
[PlyCount "72"]
[EventDate "2017.08.02"]
[EventType "swiss"]
[EventRounds "9"]
[EventCountry "ESP"]
[SourceTitle "EXT 2018"]
[Source "ChessBase"]
[SourceDate "2017.10.13"]
[SourceVersion "1"]
[SourceVersionDate "2017.10.13"]
[SourceQuality "1"]

1. d4 d5 2. c4 Nf6 3. cxd5 Qxd5 4. Nc3 Qf5 5. Nf3 e6 6. e3 Be7 7. Bd3 Qa5 8. 0-0 0-0 9. Bd2 c6 10. e4 Qd8 11. Qe2 Nbd7 12. a3 b6 13. Rfe1 Re8 14. Rac1 Bb7 15. e5 Nd5 16. Qe4 Nf8 17. Qg4 f5 18. exf6 Nxf6 19. Qf4 Bd6 20. Ne5 N8d7 21. Qf3 Qc7 22. Nb5 Qb8 23. Nxc6 Bxc6 24. Rxc6 Bxh2+ 25. Kh1 e5 26. Bb4 exd4 27. Rxe8+ Qxe8 28. Kxh2 Ne5 29. Bxh7+ Kxh7 30. Qf5+ Kh8 31. Re6 Neg4+ 32. Kg3 Qd7 33. f3 Nh6 34. Qe5 Qf7 35. Nxd4 Nh5+ 36. Kh2 Rc8 1-0

[Event "Tenerife-chT Segunda 1617"]
[Site "Tenerife"]
[Date "2017.04.29"]
[Round "13.2"]
[White "Estevez Darias, Maria Florentina"]
[Black "Gutierrez Garcia, Ramon"]
[Result "1/2-1/2"]
[WhiteElo "1509"]
[BlackElo "1474"]
[PlyCount "77"]
[EventDate "2016.12.10"]
[EventType "team-tourn"]
[EventRounds "15"]
[EventCountry "ESP"]
[SourceTitle "EXT 2018"]
[Source "ChessBase"]
[SourceDate "2017.10.13"]
[SourceVersion "1"]
[SourceVersionDate "2017.10.13"]
[SourceQuality "1"]
[WhiteTeam "Al Shah Mat Los Realejos IV"]
[BlackTeam "La Victoria 94 II"]
[WhiteTeamCountry "ESP"]
[BlackTeamCountry "ESP"]

1. e4 c5 2. Nf3 Nc6 3. d4 cxd4 4. Nxd4 e5 5. Nb3 Nf6 6. Nc3 a6 7. Bg5 Bb4 8. Qd3 h6 9. Bd2 Bxc3 10. Bxc3 d5 11. exd5 Qxd5 12. 0-0-0 Be6 13. Qe3 Qe4 14. Bd3 Qxe3+ 15. fxe3 Nd5 16. Bd2 Ndb4 17. Bxb4 Nxb4 18. Kb1 Bxb3 19. axb3 Nxd3 20. Rxd3 0-0 21. Rd7 Rab8 22. Rhd1 Rfc8 23. R1d5 f6 24. e4 Kf8 25. c4 b6 26. Ka2 Rc6 27. Ka3 Rbc8 28. Rd8+ Rxd8 29. Rxd8+ Ke7 30. Rd5 Ke6 31. Kb4 Rd6 32. Kc3 Rxd5 33. cxd5+ Kd6 34. b4 b5 35. Kd3 g6 36. g4 f5 37. gxf5 gxf5 38. Ke3 f4+ 39. Kf3 1/2-1/2

[Event "Tenerife-chT Segunda 1617"]
[Site "Tenerife"]
[Date "2017.04.22"]
[Round "12.1"]
[White "Alvarez Alonso, Alberto"]
[Black "Gutierrez Garcia, Ramon"]
[Result "1-0"]
[WhiteElo "1828"]
[BlackElo "1474"]
[PlyCount "56"]
[EventDate "2016.12.10"]
[EventType "team-tourn"]
[EventRounds "15"]
[EventCountry "ESP"]
[SourceTitle "EXT 2018"]
[Source "ChessBase"]
[SourceDate "2017.10.13"]
[SourceVersion "1"]
[SourceVersionDate "2017.10.13"]
[SourceQuality "1"]
[WhiteTeam "Al Shah Mat Los Realejos II"]
[BlackTeam "La Victoria 94 II"]
[WhiteTeamCountry "ESP"]
[BlackTeamCountry "ESP"]

1. e4 c5 2. Nf3 Nc6 3. d4 cxd4 4. Nxd4 e5 5. Nb5 a6 6. N5a3 Nf6 7. Bd3 d5 8. exd5 Qxd5 9. 0-0 Bc5 10. Nc3 Qd8 11. Bg5 Be7 12. Nc4 b5 13. Ne3 Be6 14. Bxf6 Bxf6 15. Be4 Qc7 16. Ncd5 Qd8 17. Nxf6+ Ke7 18. Bxc6 gxf6 19. Bxa8 Qxa8 20. Qe1 Rg8 21. Qb4+ Ke8 22. Qh4 Qf3 23. Qxf6 Rg5 24. Qh8+ Ke7 25. Rad1 Rxg2+ 26. Nxg2 Bd5 27. Rxd5 Qxd5 28. Ne3 Qf3 1-0

[Event "Tenerife-chT Segunda 1617"]
[Site "Tenerife"]
[Date "2017.01.14"]
[Round "3.2"]
[White "Gutierrez Garcia, Ramon"]
[Black "Foldes, Marius"]
[Result "0-1"]
[WhiteElo "1474"]
[BlackElo "1205"]
[PlyCount "82"]
[EventDate "2016.12.10"]
[EventType "team-tourn"]
[EventRounds "15"]
[EventCountry "ESP"]
[SourceTitle "CBM 176 Extra"]
[Source "ChessBase"]
[SourceDate "2017.03.02"]
[SourceVersion "1"]
[SourceVersionDate "2017.03.02"]
[SourceQuality "1"]
[WhiteTeam "La Victoria 94 II"]
[BlackTeam "Laguna Cotelec III"]
[WhiteTeamCountry "ESP"]
[BlackTeamCountry "ESP"]

1. d4 Nf6 2. Bf4 d5 3. e3 Nc6 4. Nf3 Bg4 5. Nbd2 Ne4 6. Be2 e6 7. h3 Bh5 8. Nxe4 dxe4 9. Ng5 Bg6 10. f3 exf3 11. Nxf3 Nb4 12. Bd3 Bxd3 13. cxd3 Nc6 14. 0-0 Bd6 15. Ne5 Bxe5 16. dxe5 Nb4 17. Qa4+ Nc6 18. d4 0-0 19. Rf3 h6 20. Raf1 Ne7 21. e4 Nc6 22. Be3 b5 23. Qd1 Qd7 24. Rg3 Kh7 25. Rxg7+ Kxg7 26. Qh5 Rh8 27. Rf6 Kf8 28. Bxh6+ Ke7 29. Qxf7+ Kd8 30. Qh5 Qxd4+ 31. Kh1 Qxe5 32. Qh4 Kc8 33. Qf4 Qxf4 34. Bxf4 Kb7 35. Rxe6 Rae8 36. Rg6 Rxe4 37. Bd2 Re2 38. Bc3 Rf8 39. a3 Ne5 40. Re6 Rf1+ 41. Kh2 Nf3+ 0-1

[Event "Tenerife-chT Segunda 1516"]
[Site "Tenerife"]
[Date "2016.04.09"]
[Round "12.1"]
[White "Gutierrez Garcia, Ramon"]
[Black "Perez Garcia, Saul"]
[Result "0-1"]
[WhiteElo "1444"]
[BlackElo "1572"]
[PlyCount "66"]
[EventDate "2015.12.12"]
[EventType "team-tourn"]
[EventRounds "15"]
[EventCountry "ESP"]
[SourceTitle "EXT 2017"]
[Source "ChessBase"]
[SourceDate "2016.10.25"]
[SourceVersion "1"]
[SourceVersionDate "2016.10.25"]
[SourceQuality "1"]
[WhiteTeam "La Victoria 94 II"]
[BlackTeam "Casa de Venezuela"]
[WhiteTeamCountry "ESP"]
[BlackTeamCountry "ESP"]

1. d4 Nf6 2. c4 g6 3. Nc3 d5 4. cxd5 Nxd5 5. e4 Nxc3 6. bxc3 Bg7 7. Nf3 c5 8. Bb2 0-0 9. Bc4 Nc6 10. h3 Qc7 11. Qe2 b6 12. 0-0 Bb7 13. d5 Na5 14. Bd3 c4 15. Bc2 Rad8 16. Rad1 Bc8 17. Nd4 a6 18. a4 Rfe8 19. f4 e6 20. dxe6 Bxe6 21. Nxe6 Rxe6 22. Rxd8+ Qxd8 23. Rd1 Rd6 24. e5 Rd5 25. e6 Rxd1+ 26. Bxd1 b5 27. exf7+ Kxf7 28. axb5 axb5 29. Qc2 Nb7 30. f5 Qb6+ 31. Kh1 Qe3 32. Qe2 Qxe2 33. Bxe2 Nc5 0-1

[Event "Tenerife-chT Primera 1516"]
[Site "Tenerife"]
[Date "2016.04.02"]
[Round "11.4"]
[White "Gutierrez Garcia, Ramon"]
[Black "Febles Dominguez, Alfonso Jesus"]
[Result "1-0"]
[WhiteElo "1444"]
[BlackElo "1351"]
[PlyCount "123"]
[EventDate "2015.12.12"]
[EventType "team-tourn"]
[EventRounds "14"]
[EventCountry "ESP"]
[SourceTitle "EXT 2017"]
[Source "ChessBase"]
[SourceDate "2016.10.25"]
[SourceVersion "1"]
[SourceVersionDate "2016.10.25"]
[SourceQuality "1"]
[WhiteTeam "La Victoria 94"]
[BlackTeam "Circulo de Amistad"]
[WhiteTeamCountry "ESP"]
[BlackTeamCountry "ESP"]

1. d4 Nf6 2. c4 g6 3. Nc3 Bg7 4. Nf3 0-0 5. e4 d6 6. Bd3 b6 7. 0-0 Bb7 8. Re1 Nbd7 9. Bg5 c6 10. Qd2 Re8 11. Bh6 Bh8 12. h3 Nf8 13. d5 N8d7 14. Ne2 Nh5 15. Rab1 Ne5 16. Nxe5 Bxe5 17. f4 Bg7 18. f5 Nf6 19. Ng3 Qc7 20. Bxg7 Kxg7 21. Qc3 Kg8 22. Re2 Nd7 23. b3 Ne5 24. Bc2 cxd5 25. exd5 Bxd5 26. Qe3 Bb7 27. Qg5 f6 28. Qd2 g5 29. Be4 h6 30. Bd5+ Kg7 31. Rbe1 Rad8 32. Kf1 Bc8 33. Qc2 Kh8 34. Nh5 Qc5 35. Be6 Bb7 36. Qc3 d5 37. Rxe5 Qd6 38. R5e2 d4 39. Qg3 Qxg3 40. Nxg3 d3 41. Rd2 Rd4 42. Re3 Red8 43. Kf2 Rf4+ 44. Kg1 Rfd4 45. Bd5 Bxd5 46. Rexd3 Rxd3 47. Rxd3 Rc8 48. Rxd5 Kg8 49. Kf2 Kf7 50. Ke3 Rc6 51. Ne4 a6 52. Kd4 Rc7 53. a4 e6 54. fxe6+ Kxe6 55. Rd6+ Ke7 56. Rxf6 Rd7+ 57. Rd6 Rxd6+ 58. Nxd6 Kxd6 59. b4 b5 60. cxb5 axb5 61. a5 h5 62. g3 1-0

[Event "Tenerife-chT Primera 1516"]
[Site "Tenerife"]
[Date "2016.02.20"]
[Round "7.3"]
[White "Cruz Diaz, Felipe"]
[Black "Gutierrez Garcia, Ramon"]
[Result "0-1"]
[WhiteElo "1651"]
[BlackElo "1444"]
[PlyCount "52"]
[EventDate "2015.12.12"]
[EventType "team-tourn"]
[EventRounds "14"]
[EventCountry "ESP"]
[SourceTitle "EXT 2017"]
[Source "ChessBase"]
[SourceDate "2016.10.25"]
[SourceVersion "1"]
[SourceVersionDate "2016.10.25"]
[SourceQuality "1"]
[WhiteTeam "Los Realejos Shah Mat"]
[BlackTeam "La Victoria 94"]
[WhiteTeamCountry "ESP"]
[BlackTeamCountry "ESP"]

1. d4 d5 2. c4 c6 3. Nc3 Nf6 4. Bf4 g6 5. h3 Bg7 6. c5 Bf5 7. e3 0-0 8. Nf3 Re8 9. Be2 Nbd7 10. 0-0 Ne4 11. Nxe4 Bxe4 12. Rc1 Bxf3 13. Bxf3 e5 14. Bg3 e4 15. Be2 Qe7 16. b4 Nf8 17. b5 f5 18. bxc6 bxc6 19. Rb1 Ne6 20. Bd6 Qg5 21. Ba6 f4 22. Bb7 f3 23. g3 Qh5 24. Kh2 Ng5 25. h4 Qg4 26. hxg5 Qh5+ 0-1

[Event "Tenerife-chT Segunda 1516"]
[Site "Tenerife"]
[Date "2015.12.12"]
[Round "1.1"]
[White "Gutierrez Garcia, Ramon"]
[Black "Oudeh Mishmesh, Lara"]
[Result "1-0"]
[WhiteElo "1444"]
[BlackElo "1161"]
[PlyCount "73"]
[EventDate "2015.12.12"]
[EventType "team-tourn"]
[EventRounds "15"]
[EventCountry "ESP"]
[SourceTitle "CBM 170 Extra"]
[Source "ChessBase"]
[SourceDate "2016.02.25"]
[SourceVersion "1"]
[SourceVersionDate "2016.02.25"]
[SourceQuality "1"]
[WhiteTeam "La Victoria 94 II"]
[BlackTeam "Al Shah Mat Los Realejos III"]
[WhiteTeamCountry "ESP"]
[BlackTeamCountry "ESP"]

1. d4 d5 2. c4 c6 3. Nc3 Nf6 4. Nf3 Bg4 5. e3 e6 6. Be2 Bb4 7. 0-0 Bxc3 8. bxc3 0-0 9. c5 Ne4 10. Qc2 Bf5 11. Bd3 Qf6 12. c4 Qg6 13. Nh4 Qf6 14. Nxf5 exf5 15. f3 Ng5 16. Bxf5 g6 17. Bd3 Nd7 18. cxd5 cxd5 19. Rb1 Rab8 20. Bb2 Rfe8 21. e4 Qc6 22. e5 Rec8 23. h4 Ne6 24. f4 b6 25. f5 gxf5 26. Bxf5 Kf8 27. Bxh7 bxc5 28. Qf5 Ke8 29. Qxf7+ Kd8 30. dxc5 Qxc5+ 31. Kh1 Qc4 32. Ba3 Qxh4+ 33. Kg1 Qd4+ 34. Kh1 Qxe5 35. Qe7+ Kc7 36. Rfc1+ Nec5 37. Rxc5# 1-0